000
00299nam a22001337a 4500
008
210528b ||||| |||| 00| 0 eng d
041
_a
eng
080
_a
510
082
_a
510
100
_a
36
101
_a
MAT
245
_a
Survey of Mathematics with Applications
_c
Angel,A.R
942
_2
udc
_c
BK
999
_c
57805
_d
57805